Music Quiz

Random Music or Artist Quiz

Artists With Top 10 Hits - 1973 Quiz Stats

 Plays Quiz not verified by Sporcle

Challenge
Share
Tweet
Embed
Score 0/81 Timer 17:00
0 Plays Today
Top 10 Hit(s) Artist % Correct
Crocodile Rock - Daniel - Goodbye Yellow Brick RoadElton John
100%
Kodachrome - Loves Me Like A RockPaul Simon
97.8%
You're So VainCarly Simon
97.1%
Higher Ground - Superstition - You Are The Sunshine Of My LifeStevie Wonder
97.1%
AngieRolling Stones
95.7%
Killing Me Softly With His SongRoberta Flack
94.9%
Hi, Hi, Hi - Live And Let Die - My LoveWings - Paul McCartney & Wings
94.2%
Rocky Mountain HighJohn Denver
94.2%
Midnight Train To Georgia - Neither One Of Us (Wants To Be The First To Say Goodbye)Gladys Knight & the Pips
93.5%
Bad, Bad Leroy Brown - I Got A Name - Time In A BottleJim Croce
92.8%
The JokerSteve Miller Band
91.3%
Say Has Anybody Seen My Sweet Gypsy Rose - Tie A Yellow Ribbon Round The Ole Oak TreeTony Orlando & Dawn
90.6%
Smoke On The WaterDeep Purple
87%
Half-BreedCher
87%
Sing - Top Of The World - Yesterday Once MoreCarpenters
85.5%
Ramblin' ManAllman Brothers Band
84.8%
Let's Get It On - Trouble ManMarvin Gaye
84.1%
PhotographRingo Starr
82.6%
Give Me Love (Give Me Peace On Earth)George Harrison
81.9%
We're An American BandGrand Funk
79.7%
Love TrainO'Jays
78.3%
Stuck In The Middle With YouStealers Wheel
76.8%
Long Train Runnin'Doobie Brothers
76.8%
Delta Dawn - Leave Me Alone (Ruby Red Dress)Helen Reddy
76.8%
The Cisco Kid - Gypsy Man - The World Is A GhettoWar
74.6%
The Night The Lights Went Out In GeorgiaVicki Lawrence
74.6%
Touch Me In The MorningDiana Ross
73.2%
Top 10 Hit(s) Artist % Correct
FrankensteinEdgar Winter Group
72.5%
The Most Beautiful GirlCharlie Rich
72.5%
Paper RosesMarie Osmond
71.7%
The Twelfth Of NeverDonny Osmond
71%
Feelin' Stronger Every Day - Just You 'N' MeChicago
69.6%
Could It Be I'm Falling In LoveSpinners
68.8%
Danny's SongAnne Murray
68.1%
Your Mama Don't DanceLoggins & Messina
67.4%
ShambalaThree Dog Night
66.7%
Boogie Woogie Bugle BoyBette Midler
66.7%
Hello It's MeTodd Rundgren
66.7%
SuperflyCurtis Mayfield
65.9%
Smokin' In The Boy's RoomBrownsville Station
65.9%
I'm Gonna Love You Just A Little More Baby - Never, Never Gonna Give Ya Up Barry White
65.2%
The Cover Of Rolling StoneDr. Hook & the Medicine Show
64.5%
Drift AwayDobie Gray
63.8%
Clair - Get DownGilbert O'Sullivan
63%
Diamond GirlSeals & Crofts
61.6%
The Morning AfterMaureen McGovern
61.6%
Me And Mrs. JonesBilly Paul
60.9%
Little WillySweet
60.1%
Space Race - Will It Go Round In CirclesBilly Preston
59.4%
Do It AgainSteely Dan
58.7%
Hocus PocusFocus
57.2%
Ain't No Woman (Like The One I've Got) - Keeper Of The CastleFour Tops
55.8%
Call Me (Come Back Home) - Here I Am (Come And Take Me) - You Ought To Be With MeAl Green
54.3%
Break Up To Make UpStylistics
52.9%
Top 10 Hit(s) Artist % Correct
It Never Rains In Southern CaliforniaAlbert Hammond
52.2%
MasterpieceTemptations
50.7%
Right Place Wrong TimeDr. John
50.7%
Rockin' Pneumonia - Boogie Woogie FluJohnny Rivers
50%
Keep On Truckin'Eddie Kendricks
50%
Funny FaceDonna Fargo
48.6%
Monster MashBobby 'Boris' Pickett
48.6%
Brother LouieStories
47.8%
Heartbeat - It's A LovebeatDeFranco Family
42.8%
Playground In My MindClint Holmes
42%
My MariaB.W. Stevenson
41.3%
Show And TellAl Wilson
40.6%
Daddy's HomeJermaine Jackson
39.9%
Pillow TalkSylvia
39.9%
Oh, Babe, What Would You SayHurricane Smith
38.4%
Uneasy RiderCharlie Daniels Band
37.7%
Why Can't We Live TogetherTimmy Thomas
37%
That LadyIsley Brothers
36.2%
Last SongEdward Bear
31.2%
Also Sprach Zarathustra (2001)Deodato
31.2%
Don't Expect Me To Be Your FriendLobo
30.4%
All I KnowArt Garfunkel
29%
The Love I LostHarold Melvin & the Blue Notes
25.4%
Natural HighBloodstone
22.5%
If You're Ready (Come Go With Me)Staple Singers
17.4%
WildflowerSkylark
15.2%
Dueling BanjosEric Weissberg & Steve Mandell
8%

You're not logged in!

Compare scores with friends on all Sporcle quizzes.
Join for Free
OR
Log In

You Might Also Like...

Show Comments

Extras

Created Jun 20, 2012ReportNominate
Tags:Artist Quiz, 1973, hit, Top 10

Top Quizzes Today


Score Distribution

Your Account Isn't Verified!

In order to create a playlist on Sporcle, you need to verify the email address you used during registration. Go to your Sporcle Settings to finish the process.

Report this User

Report this user for behavior that violates our Community Guidelines.

Details: